000
00379nam a22001577a 4500
003
MPLRDC
005
20220104143118.0
008
210129b ||||| |||| 00| 0 eng d
082
_a
738.6 LBY
100
_a
鲁白野
245
_a
马来亚
_c
260
_a
_b
星洲世界书局有限公司
_c
300
_b
平
650
_a
东南亚--马来西亚
942
_c
BK
_o
738.6 LBY
999
_c
36732
_d
36722